00881nam a2200229 u 450000100100000000500170001000800410002704000250006808200190009310000390011224500460015126000610019730000200025849000200027859000260029865000300032465000320035483000290038691000370041595201820045299900170063400003382020200930070539.0110913s1978 dr 001 p spa d aDO-SdBNPbspacBNPHU aV861.44bH557o1 aHernández, Manuel,d1953-95924110aOculta permanencia /cManuel Hernández. aVenezuela :bCentro de Estudios Latinoamericanos,c1978. a20 p. ;c16 cm.1 aVoces nuevasv9 aInventariado, 2018/LP 4aPoesía venezolana94230 4aLiteratura venezolana93816 0aVoces nuevas ;n9959242 aValidado. Control de calidad EMS 0010718PDaGRbGRcHDd2011-09-13iLF1l0oV861.44 H557op33820-10r2020-06-25w2020-06-25yLFPDzPerteneciò a la biblioteca personal de Germán Emilio Ornes.ZNo se presta c33311d33311